Cashier's: What In The JetPunk? #1 - Statistics

General Stats
  • This quiz has been taken 7 times
  • The average score is 5 of 16
Answer Stats
Picture Answer % Correct
Airplane
71%
Banana
71%
Germany
71%
Minecraft
71%
Socks
57%
Cashier
43%
France
29%
X
29%
37
14%
Ok
14%
Quebec
14%
Syrup
14%
Water Bottle
14%
Wisconsin
14%
Yellow Flowers
14%
Hi
0%
No matching quizzes found
Score Distribution
Percent of People with Each Score
Percentile by Number Answered
Your Score History
You have not taken this quiz